[Event "Ulm/Neu Ulm-ch"]
[Site "Ulm/Neu Ulm"]
[Date "2008.09.19"]
[Round "1"]
[White "Mayer, Arnd"]
[Black "Krauss, Rainer"]
[Result "1/2-1/2"]
[WhiteElo "2087"]
[BlackElo "1642"]
[PlyCount "77"]
[EventDate "2008.09.19"]
[EventType "swiss"]
[EventRounds "7"]
[EventCountry "GER"]
[SourceTitle "EXT 2011"]
[Source "ChessBase"]
[SourceDate "2010.11.26"]
[SourceVersion "1"]
[SourceVersionDate "2010.11.26"]
[SourceQuality "1"]

1. d4 d5 2. Nf3 Bf5 3. c4 dxc4 4. Nc3 Nf6 5. e3 e6 6. Bxc4 Be7 7. 0-0 0-0 8. Qe2 c5 9. Rd1 Qc7 10. b3 Nc6 11. Bb2 a6 12. d5 exd5 13. Bxd5 Rad8 14. a3 Bg4 15. h3 Bh5 16. g4 Bg6 17. Nh4 Nxd5 18. Nxg6 Nxc3 19. Nxe7+ Qxe7 20. Bxc3 Qe6 21. Qb2 f6 22. b4 cxb4 23. axb4 h5 24. Qe2 hxg4 25. Qxg4 Qxg4+ 26. hxg4 Rxd1+ 27. Rxd1 Rd8 28. Rxd8+ Nxd8 29. Kg2 Kf7 30. Kf3 Ke6 31. g5 Nc6 32. gxf6 gxf6 33. e4 f5 34. Ke3 b6 35. f4 fxe4 36. Kxe4 a5 37. f5+ Kf7 38. b5 Na7 39. Bd4 1/2-1/2

[Event "Ulm/Neu Ulm-ch"]
[Site "Ulm/Neu Ulm"]
[Date "2007.12.14"]
[Round "7"]
[White "May, Peter"]
[Black "Krauss, Rainer"]
[Result "1-0"]
[WhiteElo "1432"]
[BlackElo "1708"]
[PlyCount "69"]
[EventDate "2007.09.21"]
[EventType "swiss"]
[EventRounds "7"]
[EventCountry "GER"]
[SourceTitle "EXT 2011"]
[Source "ChessBase"]
[SourceDate "2010.11.26"]
[SourceVersion "1"]
[SourceVersionDate "2010.11.26"]
[SourceQuality "1"]

1. d4 d5 2. Nf3 Nc6 3. c4 Bg4 4. e3 e5 5. cxd5 Qxd5 6. Nc3 Bb4 7. Be2 exd4 8. Nxd4 Bxe2 9. Qxe2 Qxg2 10. Rf1 Bxc3+ 11. bxc3 Nge7 12. Qb5 0-0-0 13. Rb1 b6 14. Qa6+ Kb8 15. a4 Nxd4 16. cxd4 Qxh2 17. a5 Qd6 18. Ra1 Nc8 19. Bd2 Rhe8 20. Bc3 Qc6 21. Kd2 Qb7 22. Qc4 Nd6 23. Qd3 Ne4+ 24. Ke2 Nxc3+ 25. Qxc3 Qd5 26. Ra4 Qb5+ 27. Rc4 Rd5 28. Ra1 c5 29. axb6 axb6 30. Kd2 cxd4 31. exd4 Rf5 32. Qg3+ Rfe5 33. dxe5 Qxc4 34. e6+ Kb7 35. Qf3+ 1-0